Đặc điểm loại hình tác gia văn học Trung đại /

محفوظ في:
التفاصيل البيبلوغرافية
المؤلف الرئيسي: Nguyễn Hữu Sơn, PGS.TS.
التنسيق: مقال
اللغة:Vietnamese
الموضوعات:
الوسوم: إضافة وسم
لا توجد وسوم, كن أول من يضع وسما على هذه التسجيلة!
Thư viện lưu trữ: Thư viện Trường Đại học Đà Lạt
LEADER 00783nam a2200265 4500
001 DLU130146178
005 ##20130321
040 # # |a DLU  |b vie 
041 # # |a vie 
044 # # |a vn 
100 # # |a Nguyễn Hữu Sơn,   |c PGS.TS. 
245 # # |a Đặc điểm loại hình tác gia văn học Trung đại /  |c Nguyễn Hữu Sơn. 
653 # # |a Nhân vật 
653 # # |a Tác giả 
653 # # |a Thi pháp học 
773 # # |t Tạp chí Khoa học Xã hội Việt Nam   |g Số 3(151), 2011, tr. 35-47 
920 # # |a Phòng Tạp chí -- Trung tâm Thông tin - Thư viện Trường Đại học Đà Lạt 
994 # # |a DLU 
900 # # |a True 
911 # # |a Nguyễn Thị Linh Chi 
925 # # |a G 
926 # # |a A 
927 # # |a BB 
980 # # |a Thư viện Trường Đại học Đà Lạt